Ruský plyn
Invázia ruského plynu. Pavučina, ktorou sa do Európy dostáva ruský plyn sa rozrastie o novú vetvu - Nord Stream. Obavy európskych krajín z možnosti neprijateľného posilnenia pozície Ruska pri presadzovaní politických záujmov v Európe. Závislosť Európy od ruského plynu. Nedostatočné množstvo plynu v...
Salvato in:
| Autore principale: | |
|---|---|
| Altri autori: | |
| Natura: | Capitolo di libro |
| Lingua: | slovacco |
| Soggetti: | |
| Tags: |
Nessun Tag, puoi essere il primo ad aggiungerne!!
|
MARC
| LEADER | 00000naa$a2200000$$$4500 | ||
|---|---|---|---|
| 001 | 0050134 | ||
| 005 | 20231009084410.0 | ||
| 041 | 0 | |a slo | |
| 044 | |a SK | ||
| 245 | 1 | 0 | |a Ruský plyn |c Juraj Mašláni, Kristian Slovák |
| 520 | |a Invázia ruského plynu. Pavučina, ktorou sa do Európy dostáva ruský plyn sa rozrastie o novú vetvu - Nord Stream. Obavy európskych krajín z možnosti neprijateľného posilnenia pozície Ruska pri presadzovaní politických záujmov v Európe. Závislosť Európy od ruského plynu. Nedostatočné množstvo plynu v Rusku, straty pri preprave, málo investícií do prieskumu nových nálezísk. Európa hľadá neruské zdroje. Nórska ponuka. Rast spotreby zemného plynu, ale aj svetových rezerv. Najväčšie zásoby zemného plynu vo svete. | ||
| 610 | 2 | 0 | |a plyn zemný |
| 610 | 2 | 0 | |a plynovody |
| 610 | 2 | 0 | |a Rusko |
| 610 | 2 | 0 | |a zásoby |
| 610 | 2 | 0 | |a zásobovanie |
| 610 | 2 | 0 | |a Európa |
| 100 | 1 | |a Mašláni, Juraj | |
| 700 | 1 | |a Slovák, Kristian | |